000 00959nam a2200265Ia 4500
003 OSt
005 20220923220403.0
006 a|||||r|||| 00| 0
007 ta
008 220922b |||||||| |||| 00| 0 hin d
024 _a186,288
037 _cTextual
040 _aARTS
_cARTS
_bhin
041 _2hin
_ahin
082 _aX:3xM18, 152M2
100 _aमेलोत्ती, उंब्रेती
245 0 _aमाकर््स और तीसरी दुनिया, अनु नेमिशरण मित्तल
246 _aMākarsa aur tīsarī duniyā, anu0 nemisharaṇ mittala
260 _aनई दिल्ली
_b मैकमिलन
_c1982
300 _a293 पृ.
_ccm.
650 _a मार्क्सवाद
650 _aअर्थशास्त्र
942 _hX:3xM18, 152M2
_cTEXL
_2CC
999 _c339533
_d339533